| 000 | 00726nam a2200229 a 4500 | ||
|---|---|---|---|
| 005 | 20230518064016.0 | ||
| 008 | 050921s2002 mx r 000 0 spa d | ||
| 020 | _a968859461X | ||
| 035 | _aUPN01000140173 | ||
| 040 |
_aUPN _bspa _cUPN |
||
| 049 | _aCG | ||
| 050 | 4 |
_aJC571 _bB4.2 2002 |
|
| 100 | 1 |
_aBeuchot, Mauricio, _d1950- _947344 |
|
| 245 | 1 | 4 |
_aLos derechos humanos y su fundamentación filosófica / _cMauricio Beuchot Puente. |
| 250 | _a2a ed. | ||
| 260 |
_aMéxico : _bUniversidad Iberoamericana : _bITESO, _c2002. |
||
| 300 | _a81 p. | ||
| 440 | 0 |
_aCuadernos de fe y cultura ; _v3. _pLa persona humana y sus valores |
|
| 650 | 7 |
_aDerechos humanos _xFilosofía _2 _94202 |
|
| 905 | _aLibro | ||
| 942 |
_2lcc _cLIBRO |
||
| 999 |
_c112321 _d112321 |
||